Movies by Opening Narration IV Quiz Stats

 Plays Quiz Updated Jun 27, 2015

Challenge
Share
Tweet
Embed
Score 0/25 Timer 10:00
0 Plays Today
% Correct
The Hobbit: An Unexpected Journey
98.1%
Spider-Man 2
97.3%
Anchorman 2: The Legend Continues
96.8%
The Cat in the Hat
96.4%
Robin Hood
94%
A Christmas Story
91.6%
Tropic Thunder
86%
The Mummy Returns
85.2%
One Hundred and One Dalmatians
83.7%
March of the Penguins
82.5%
X-Men: Days of Future Past
82%
Into the Woods
78.8%
Thor: The Dark World
74.9%
% Correct
Judge Dredd
73.6%
Divergent
73.4%
How the West Was Won
68.6%
Fantasia
68%
Blade: Trinity
66.8%
The Name of the Rose
62.4%
Animal Farm
60.2%
Ted
55.4%
Limitless
53.6%
The Godfather: Part III
51.4%
Dumbo
37.3%
Saving Mr. Banks
34.6%

You're not logged in!

Compare scores with friends on all Sporcle quizzes.
OR
Log In

You Might Also Like...

Show Comments

Extras

Top Quizzes Today


Score Distribution

Your Account Isn't Verified!

In order to create a playlist on Sporcle, you need to verify the email address you used during registration. Go to your Sporcle Settings to finish the process.

Report this User

Report this user for behavior that violates our Community Guidelines.

Details: